Quizzes
Events
Quiz Creation
Community
Videos
Private Events
Remove Ads
Sign In
Join for FREE
Feedback
Dark Mode
Quiz Categories
Sports
Geography
Music
Movies
Television
Just For Fun
Miscellaneous
History
Literature
Language
Science
Gaming
Entertainment
Religion
Holiday
For Kids
Quiz Lab
Recent
Popular Today
Quiz Kudos Today
Editor Picks
Curator Picks
Quizzes by...
Day
Popularity
Type
Ratings
Length
Year
Community
Subscriptions
Recent Discussions
Orange Saloon
Badges
Playlists
Quests
Create
Leaderboards
Showdown
Live 5
Trivia Bingo
Activity
Puzzle Library
Sporcle Events
Private Events
Virtual Trivia
Globe League
Become a Host
Pub Owners
SporcleCon
Opinionation
Our Games
Videos
Blog
Mobile Apps
Partnerships
Remove Ads and Go Orange
Feedback
Miscellaneous
Crossword
General Knowledge
Baby Names
Logo
Food
Cars
Numbers
Grab Bag
University
College
Popular
Company
Slogans
Restaurants
Justice
Letter
Miscellaneous
Crossword
General Knowledge
Baby Names
Logo
Food
Cars
Numbers
Grab Bag
University
College
Popular
Company
Slogans
Restaurants
Justice
Letter
Random Quiz
Search Sporcle
×
Quiz Lab
Quiz Lab
Miscellaneous
location
Type in answers that appear in a list
Type in answers that appear in a list
Classic
Best Score? Go Orange.
Notre Dame Dorms Stats
Can you name the Notre Dame Dorms?
By
tstaudt
4m
30 Questions
369 Plays
369 Plays
369 Plays
Comments
Comments
Give Quiz Kudos
Give Quiz Kudos
-
- Ratings
hide this ad
Random Order
Randomize order of answers
Randomize order of answers
Replay
Link that replays current quiz
Next Quiz
Link to next quiz in quiz playlist
You Got
0%
They Got
Avg Score
85%
Avg Friend Score
Upgrade to see
Score Distribution
Jump to the score distribution portion of the page
Score
0/30
Timer
04:00
0
Plays Today
Quad Location
Name of Dorm
% Correct
South Quad
Dillon Hall
94.6%
South Quad
Alumni Hall
94.3%
Mod Quad
Pasquerilla West Hall
92.4%
Mod Quad
Pasquerilla East Hall
92.4%
God Quad
Sorin College
90.2%
North Quad
Zahm Hous
89.2%
God Quad
Walsh Hall
88.9%
South Quad
Fisher Hall
88.6%
North Quad
Stanford Hall
88.6%
North Quad
Keenan Hall
87.8%
West Quad
Welsh Family Hall
87.3%
West Quad
Keough Hall
87.3%
Far Quad
Carroll Hall
87%
North Quad
Breen Phillips Hall
85.6%
West Quad
Duncan Hall
85.1%
Quad Location
Name of Dorm
% Correct
West Quad
Ryan Hall
84.3%
South Quad
Pangborn Hall
84%
South Quad
Morrissey Manor
83.7%
North Quad/
God Quad
St Edwards Hall
83.7%
South Quad
Howard Hall
83.2%
South Quad
Lyons Hall
83.2%
Mod Quad
Knott Hall
82.7%
North Quad
Farley Hall
81.8%
West Quad
O'Neill Hall
81.3%
South Quad
Badin Hall
81%
Mod Quad
Siegfried Hall
81%
West Quad
McGlinn Hall
80.2%
North Quad
Cavanaugh Hall
77.8%
North Quad/
God Quad
Lewis Hall
77.2%
Bond Quad
Old College Seminary
65.9%
Quiz Playlist
Details
Report
Send in Message
Add To Playlist
Classic:
Type in answers that appear in a list
Random Order:
Randomize order of answers
Last Updated: Feb 16, 2017
Quiz Scoreboard
CHALLENGE
Sign Up to Join the Scoreboard
Show All
Scores
Hide
Comments
May contain spoilers
Recently Published
Movies - When Are They Set?
by FPL_Elf
Movies
5m
Popular People in 1961
by mucciniale
History
6m
1-10 Letter E Words III
by El_Dandy
Language
2m
More to Explore
Quiz From the Vault
Featured Blog Post
Where Did the Easter Bunny Come From?
hide this ad
You Might Also Like...
Tags
dame
dorm
location
Notre Dame
Quad
Today's Top Quizzes in Miscellaneous
Browse Miscellaneous
hide this ad
Today's Top Quizzes in location
Browse location
Top Contributed Quizzes in Miscellaneous
1
5-to-1: Fast Food
2
The JOE quick-fire general knowledge quiz: Day 173
3
The JOE quick-fire general knowledge quiz: Day 172
4
Sunday Crossword: Famous Bodies of Water
5
The JOE quick-fire general knowledge quiz: Day 171
6
One Thing in Common: United Kingdom II
7
Named After an Animal - Odd One Out!
8
The JOE quick-fire quiz: Day 170
9
sort kpop groups by number of members
10
Sunday Crossword: Themeless #5
Explore More
Trending Topics
Anime
Disney
Marvel
Kpop
Crossword
Harry Potter
NBA
The Office
Song
Country
NFL
Pokémon
Puzzle
Soccer
WWE
hide this ad
More By:
tstaudt
Quiz
Plays
Rating
Category
Featured
Created
Notre Dame Dorm Nicknames
395
Miscellaneous
Oct 26, 2009
Notre Dame Dorms
369
Miscellaneous
Oct 26, 2009
Go to Creator's Profile
Score Distribution
Quiz Creator Spotlight
tstaudt
Follow
Send a Message
Quizzes Created
-
Created Quiz Play Count
-
More By This Creator
Popular Quizzes Today
1
Find the Countries of Europe - No Outlines Minefield
2
Find the US States - No Outlines Minefield
3
The Countries of the World
4
Popular People in 1961
5
US States
6
1-10 Letter E Words III
7
Find the US States
8
One Thing in Common: World Cities II
More Miscellaneous Quizzes
College or University?
Published
Trending Quizzes
Risky Map Clicking: Least Populous States A-Z
1-10 Letter F Words
1-10 Letter G Words
One Thing in Common: United Kingdom
Risky Map Clicking: Next State Alphabetically
Recently Updated
Leaping Animals
pecheneg
Reality TV Shows (A-Z)
bhenderson79
Rickey Henderson's Hall of Fame Teammates
pecheneg
Champions League XIs: Arsenal
pecheneg
Quick Pick: Celebrities in WWE's Hall of Fame
aduchscher
A-Z Keypad Blitz II
pecheneg
Multiple Oscar Actors
pecheneg
Mystery Phrase Blitz: Oscar 'Best Actors'
pecheneg
F. Scott Fitzgerald Novels
LTH
Pick 3 Villains
ddd62291
Trending Topics
NBA
Harry Potter
Anime
Disney
Marvel
Kpop
Crossword
The Office
Puzzle
WWE
Pokémon
NFL
Song
Country
Soccer
Your Account Isn't Verified!
In order to create a playlist on Sporcle, you need to verify the email address you used during registration. Go to your
Sporcle Settings
to finish the process.
Report this User
Report this user for behavior that violates our
Community Guidelines
.
Details:
Send Report
Go to the Sporcle.com Mobile Site →
Comments